| 000 | 01254cam a2200337 i 4500 | ||
|---|---|---|---|
| 001 | 016635635 | ||
| 003 | EG-ScBUE | ||
| 005 | 20241022143551.0 | ||
| 008 | 140217s2014 nyua f b 001 0 eng d | ||
| 020 | _a9781259072772 (pbk.) | ||
| 020 | _a1259072770 (MHID : pbk.) | ||
| 040 |
_aStDuBDS _beng _erda _cStDuBDS _dUk _dEG-ScBUE |
||
| 082 | 0 | 4 |
_a515.93 _222 _bBRO |
| 100 | 1 |
_aBrown, James Ward, _eauthor. _940328 |
|
| 245 | 1 | 0 |
_aComplex variables and applications / _cJames Ward Brown, professor emeritus of mathematics, The University of Michigan-Dearborn, Ruel V. Churchill, late professor of mathematics, The University of Michigan-Dearborn. |
| 250 | _aNinth edition. | ||
| 250 | _aInternational edition. | ||
| 264 | 1 |
_aNew York : _bMcGraw Hill Education, _c2014. |
|
| 300 |
_axvi, 461 pages : _billustrations ; _c24 cm. |
||
| 336 |
_2rdacontent _atext _btxt |
||
| 337 |
_aunmediated _2rdamedia _bn |
||
| 338 |
_avolume _bnc _2rdacarrier |
||
| 490 | 0 | _aBrown and Churchill series | |
| 504 | _aIncludes bibliographical references and index. | ||
| 650 | 7 |
_aFunctions of complex variables. _2BUEsh _93093 |
|
| 651 | _2BUEsh | ||
| 653 |
_bENGGEN _cJune2016 |
||
| 655 | _vReading book | ||
| 700 | 1 |
_aChurchill, Ruel V., _eauthor. |
|
| 942 |
_2ddc _cBB |
||
| 999 |
_c21960 _d21932 |
||